Microbial Biodegradation and Bioremediation : Techniques and Case Studies for Environmental Pollution /

Obra que estudia el uso de microorganismos en la biorremediación para contrarrestar los efectos de algunos componentes contaminantes. La propuesta es que estos organismos se adaptan a las condiciones y pueden ayudar a disminuir los efectos nocivos de los agente de contaminación. Contiene: 1) Toxicid...

Descripció completa

Guardat en:
Dades bibliogràfiques
Autor principal: Das, Surajit (edición)
Altres autors: Dash, Hirak Ranjan (edición) (edición)
Format: Llibre
Idioma:anglès
Publicat: Amsterdam, Holanda : Elsevier, 2022, c2022
Edició:2a edición
Matèries:
Etiquetes: Afegir etiqueta
Sense etiquetes, Sigues el primer a etiquetar aquest registre!

MARC

LEADER 00000nam^a2200000^a^4500
001 000613327
005 20250521000000.0
009 20260310133620.954
020 |a 978-0-323-85455-9 
037 |a Acervo ITESO - Biblioteca 
041 |a ING 
082 |a 628. 5  |b DAS 
100 |a Das, Surajit  |e (edición) 
245 1 0 |a Microbial Biodegradation and Bioremediation :  |b Techniques and Case Studies for Environmental Pollution /  |c Ed. de S. Das, H.R. Dash. 
250 |a 2a edición 
264 4 |a Amsterdam, Holanda :  |b Elsevier,  |c 2022, c2022 
300 |a XVII, 628 p. 
336 |a texto  |b txt  |2 rdacontenido 
337 |a sin mediación  |b n  |2 rdamedio 
338 |a volumen  |b nc  |2 rdasoporte 
520 |a Obra que estudia el uso de microorganismos en la biorremediación para contrarrestar los efectos de algunos componentes contaminantes. La propuesta es que estos organismos se adaptan a las condiciones y pueden ayudar a disminuir los efectos nocivos de los agente de contaminación. Contiene: 1) Toxicidad de varios contaminantes e introducción a la biorremediación; 2) Papel de diversos microorganismos en la biorremediación; 3) Algunos contaminantes y sus estrategias de biorremediación; 4) Estrategias avanzadas de biorremediación. 
521 |a Peticiones 2025 
649 |a XX 
650 |a Microorganismos 
650 |a Materiales Biodegradables 
650 |a Ecología Microbiana 
650 |a Biorremediación -  |x Tema Principal 
650 |a Biodegradación 
650 |a Contaminantes Ambientales 
650 |a Contaminación Ambiental 
650 |a Bioquímica 
650 |a Ingeniería Bioquímica 
650 |a Ingeniería Ambiental 
650 |a Ciencias Ambientales 
700 |a Dash, Hirak Ranjan  |e (edición) 
910 |a Fondo General 
920 |a Impresos - Libros 
930 |a Reserva Especial 
905 |a 103 
901 |a 613327-10  |b IT1  |c REE  |i C189491  |u 20250521 
902 |a https://opac.biblio.iteso.mx/vufind/Record/000613327